Derivadas de funciones reales de variable real
Guardat en:
| Autors principals: | , |
|---|---|
| Format: | Llibre |
| Idioma: | espanyol |
| Publicat: |
UPEL-IPB
2012
|
| Edició: | 1a. ed |
| Matèries: | |
| Etiquetes: |
Afegir etiqueta
Sense etiquetes, Sigues el primer a etiquetar aquest registre!
|
MARC
| LEADER | 00000cam a2200000 a 4500 | ||
|---|---|---|---|
| 001 | UCE4642 | ||
| 003 | CL-VaPUC | ||
| 008 | 141107e20120000ve |||||||||||||||||spa|d | ||
| 020 | |a 9789801256137 | ||
| 082 | 0 | 4 | |a 515 |b VAL |2 21 |
| 100 | 0 | |a Valera Castro, Humberto Francisco |e author |9 577200 | |
| 700 | 0 | |a Pereira García, Gustavo Eduardo |e author |9 577201 | |
| 245 | 1 | 0 | |a Derivadas de funciones reales de variable real |
| 250 | |a 1a. ed | ||
| 300 | |a 135 p | ||
| 942 | |c BK | ||
| 945 | |d 20141107 12:15:00 |a dcastane | ||
| 260 | |b UPEL-IPB |c 2012 | ||
| 650 | 0 | |a Cálculo |9 260234 | |
| 650 | 0 | |a Teoría de números |9 265327 | |
| 650 | 0 | |a Números racionales |9 316867 | |
| 650 | 0 | |a Números reales |9 270334 | |
| 650 | 0 | |a Funciones de variables reales |9 304566 | |
| 583 | |a last modification |c 20141107 12:15:00 |k Rodrigo Vera | ||
| 999 | |c 357522 |d 357520 | ||
| 952 | |0 0 |1 0 |3 erb |4 0 |6 515_000000000000000_VAL_2012 |7 0 |8 A |9 465546 |a BIBMAT |b BIBMAT |i 5122651 |o 515 VAL 2012 |p 5122651 |r 2025-01-07 |w 2019-11-23 |y BK |z Catalogado en:20141107 |k MAT | ||